Jeux olympiques Albertville 1992 - Nations participantes - Statistiques

Statistiques générales
  • Ce quiz a été pris 45 fois
  • Le résultat moyen est 49 sur 64
Statistiques - réponses
Infos PAYS % Correct
Europe France
100%
Amérique Argentine
98%
Europe Italie
98%
Asie Japon
98%
Europe Norvège
98%
Europe Allemagne
95%
Océanie Australie
95%
Asie Chine
95%
Amérique Etats-Unis
95%
Europe Royaume-Uni
95%
Europe Suède
95%
Europe Autriche
93%
Amérique Brésil
93%
Amérique Canada
93%
Asie Corée du Sud
93%
Europe Espagne
93%
Amérique Mexique
93%
Océanie Nouvelle Zélande
93%
Europe Suisse
93%
Afrique Algérie
90%
Europe Irlande
90%
Europe Grèce
90%
Europe Pologne
90%
Europe/Asie Turquie
90%
Europe Belgique
88%
Amérique Chili
88%
Europe Danemark
88%
Europe Finlande
88%
Europe/Asie Equipe unifiée | URSS
88%
Europe Islande
88%
Afrique Maroc
85%
Europe Pays Bas
85%
Asie Corée du Nord
83%
Europe Hongrie
83%
Europe Luxembourg
83%
Europe Monaco
83%
Europe Andorre
80%
Europe Bulgarie
80%
Europe Roumanie
80%
Europe Yougoslavie
80%
Amérique Bolivie
78%
Asie Inde
78%
Europe Slovénie
78%
Europe Estonie
75%
Amérique Jamaïque
75%
Europe Lettonie
75%
Europe Tchécoslovaquie
75%
Europe Liechtenstein
73%
Europe Lituanie
70%
Europe Croatie
65%
Asie Liban
63%
Europe Saint-Marin
63%
Europe Chypre
60%
Asie Taiwan
58%
Asie Mongolie
55%
Amérique Honduras
53%
Asie Philippines
50%
Amérique Costa Rica
45%
Afrique Sénégal
45%
Afrique Swaziland
23%
Amérique Porto Rico
15%
Amérique Bermudes
10%
Amérique Antilles néerlandaises
8%
Amérique Vierges américaines
3%
Aucun quiz correspondant
Distribution des résultats
% des personnes avec chaque résultat
Percentile par nombre de réponses
Votre historique - résultats
Vous n’avez pas pris ce quiz